Příručka SMEP 1986 /

Enregistré dans:
Détails bibliographiques
Auteur principal: Vojtěch, Václav (xxx)
Format: Livre
Langue:tchèque
Publié: Praha : NOTO, 1986
Sujets:
Tags: Ajouter un tag
Pas de tags, Soyez le premier à ajouter un tag!

MARC

LEADER 00000nam a22000003a 4500
001 stu40862
005 20150617225722.2
008 930531s1986----cs------------------cze-d
040 |a STU  |b slo 
041 0 |a cze 
044 |a cs 
080 |a 681.31(035) 
100 1 |a Vojtěch, Václav  |4 xxx 
245 1 |a Příručka SMEP 1986 /  |c Václav Vojtěch a kol 
260 |a Praha :  |b NOTO,  |c 1986 
300 |a 247 s 
650 7 |a počítače  |2 stusub 
650 7 |a príručky  |2 stusub 
650 7 |a SMEP  |2 stusub 
996 |b 284M045485  |c M*1005/1986-1  |l MMKN  |s A  |a 24  |w stu40862_0001